000 00276nam a2200109Ia 4500
008 220214s9999 xx 000 0 und d
100 _aJones FE
245 0 _aControlling vibrations in structures and plant
260 _bRubebr Developments
_c1959
300 _a3p
942 _cRE
999 _c45676
_d45676